| 000 -LEADER |
| fixed length control field |
00646nam a22001697a 4500 |
| 020 ## - INTERNATIONAL STANDARD BOOK NUMBER |
| ISBN |
9781138478633 |
| 082 ## - DEWEY DECIMAL CLASSIFICATION NUMBER |
| Classification number |
158.7 |
| 100 ## - MAIN ENTRY--AUTHOR NAME |
| Personal name |
Truxillo, Donald M. |
| 245 ## - TITLE STATEMENT |
| Title |
Psychology and work : an introduction to industrial and organizational psychologyal psychology |
| 250 ## - EDITION STATEMENT |
| Edition statement |
Second edition. |
| 260 ## - PUBLICATION, DISTRIBUTION, ETC. (IMPRINT) |
| Place of publication |
New York |
| Name of publisher |
Routledge |
| Year of publication |
2021 |
| 300 ## - PHYSICAL DESCRIPTION |
| Number of Pages |
1 online resource (684 pages) |
| 520 ## - SUMMARY, ETC. |
| Summary, etc |
An Introduction to field of industrial and Organizational Psychology, covering employee recruitment, selection, performance, and well-being. |
| 650 ## - SUBJECT ADDED ENTRY--TOPICAL TERM |
| Topical Term |
Psychology, Industrial. |
| 700 ## - ADDED ENTRY--PERSONAL NAME |
| Personal name |
Bauer, Talya N. , Erdogan, Berrin. |
| 942 ## - ADDED ENTRY ELEMENTS (KOHA) |
| Koha item type |
Electronic Books |